| 000 | 00564nam a22002057a 4500 | ||
|---|---|---|---|
| 003 | OSt | ||
| 005 | 20151104130206.0 | ||
| 008 | 151104b xxu||||| |||| 00| 0 eng d | ||
| 020 | _a0761942319 | ||
| 040 | _cDDC | ||
| 082 | _a158.4 HAS 2004 | ||
| 100 |
_aHaslam S. Alexander _95980 |
||
| 245 |
_aPsychology in Organization: _bThe social identity approach |
||
| 250 | _a2nd ed. | ||
| 260 |
_aLondon; _bSage, _c2004 |
||
| 300 |
_axvi,306p; _bill: _c25cm |
||
| 504 | _aAppendices, & index included | ||
| 650 |
_aOrganizational psychology _95981 |
||
| 942 |
_2z _cO_SHELF |
||
| 999 |
_c2412 _d2412 |
||